00547nam a2200181 a 4500001001300000003000900013005001700022008004100039020002300080082002000103100001700123245007300140260005000213300000900263500003500272505002800307650003000335nice12345678IN_TiNIC20260116014647.0080402s2005 newa grp 000 0 eng  a8130900742 c49500a305.420917bDAT aDatta, Rekha aWomen in Developing Countriesb Assessing Strategies for Empoertment aNew Delhi bViva Books Private Limited c2005 a189p aincludes index and biblioraphy2 aglossary, biblio, index aWomen-Developing Countrie